<?xml version="1.0" encoding="UTF-8"?>
<record
    xmlns:xsi="http://www.w3.org/2001/XMLSchema-instance"
    xsi:schemaLocation="http://www.loc.gov/MARC21/slim http://www.loc.gov/standards/marcxml/schema/MARC21slim.xsd"
    xmlns="http://www.loc.gov/MARC21/slim">

  <leader>00732nam a22001937a 4500</leader>
  <controlfield tag="003">OSt</controlfield>
  <controlfield tag="005">20260429121120.0</controlfield>
  <controlfield tag="008">260429b        |||||||| |||| 00| 0 eng d</controlfield>
  <datafield tag="020" ind1=" " ind2=" ">
    <subfield code="a"> 9789962040163</subfield>
  </datafield>
  <datafield tag="082" ind1=" " ind2=" ">
    <subfield code="2"> 9789962040163</subfield>
  </datafield>
  <datafield tag="100" ind1=" " ind2=" ">
    <subfield code="a"> Lexus</subfield>
  </datafield>
  <datafield tag="245" ind1=" " ind2=" ">
    <subfield code="a">Manos Creativas </subfield>
    <subfield code="b">Bijouterie - caritas pintadas - bordados </subfield>
  </datafield>
  <datafield tag="250" ind1=" " ind2=" ">
    <subfield code="a">1ra</subfield>
  </datafield>
  <datafield tag="260" ind1=" " ind2=" ">
    <subfield code="b"> Lexus Editores</subfield>
    <subfield code="c">2013</subfield>
  </datafield>
  <datafield tag="300" ind1=" " ind2=" ">
    <subfield code="a">177 pag</subfield>
    <subfield code="c">19.5 x 15.5 </subfield>
  </datafield>
  <datafield tag="490" ind1=" " ind2=" ">
    <subfield code="3">cubierta dura </subfield>
  </datafield>
  <datafield tag="520" ind1=" " ind2=" ">
    <subfield code="a">l Tomo 2 de la colecci&#xF3;n Manos Creativas es el volumen dedicado &#xED;ntegramente al adorno personal y la moda artesanal. Se enfoca en dos grandes &#xE1;reas: la creaci&#xF3;n de accesorios desde cero ( Bijouterie ) y la ornamentaci&#xF3;n de textiles (Bordados).</subfield>
  </datafield>
  <datafield tag="942" ind1=" " ind2=" ">
    <subfield code="2">ddc</subfield>
    <subfield code="c">BKA</subfield>
    <subfield code="n">0</subfield>
  </datafield>
  <datafield tag="952" ind1=" " ind2=" ">
    <subfield code="0">0</subfield>
    <subfield code="1">0</subfield>
    <subfield code="2">ddc</subfield>
    <subfield code="4">0</subfield>
    <subfield code="7">0</subfield>
    <subfield code="8">F02</subfield>
    <subfield code="a">ISUS</subfield>
    <subfield code="b">ISUS</subfield>
    <subfield code="c">Biblioteca Abierta</subfield>
    <subfield code="d">2026-04-29</subfield>
    <subfield code="e">GUIA</subfield>
    <subfield code="f">0505</subfield>
    <subfield code="i">0505</subfield>
    <subfield code="l">0</subfield>
    <subfield code="o">Educaci&#xF3;n</subfield>
    <subfield code="p">BIBLIO0505</subfield>
    <subfield code="r">2026-04-29 12:12:40</subfield>
    <subfield code="t">1</subfield>
    <subfield code="w">2026-04-29</subfield>
    <subfield code="y">BKA</subfield>
  </datafield>
  <datafield tag="952" ind1=" " ind2=" ">
    <subfield code="0">0</subfield>
    <subfield code="1">0</subfield>
    <subfield code="2">ddc</subfield>
    <subfield code="4">0</subfield>
    <subfield code="7">0</subfield>
    <subfield code="8">F02</subfield>
    <subfield code="a">ISUS</subfield>
    <subfield code="b">ISUS</subfield>
    <subfield code="c">Biblioteca Abierta</subfield>
    <subfield code="d">2026-04-29</subfield>
    <subfield code="e">GUIA</subfield>
    <subfield code="f">0506</subfield>
    <subfield code="i">0506</subfield>
    <subfield code="l">0</subfield>
    <subfield code="o">Educaci&#xF3;n</subfield>
    <subfield code="p">BIBLIO0506</subfield>
    <subfield code="r">2026-04-29 12:14:36</subfield>
    <subfield code="t">1</subfield>
    <subfield code="w">2026-04-29</subfield>
    <subfield code="y">BKA</subfield>
    <subfield code="z">MANOS CREATICAS , Velas , tie dye  , jabones etc </subfield>
  </datafield>
  <datafield tag="999" ind1=" " ind2=" ">
    <subfield code="c">2086</subfield>
    <subfield code="d">2086</subfield>
  </datafield>
</record>
